00560 2200193 4500001002100000005001500021035002000036007000300056008004100059020002200100082001000122084001600132100002000148245003100168250001400199260008300213300005400296600001600350INLIS00000000000179020240917112328 a0010-0924000053ta240917 b 1 ind  a978-623-194-321-7 a741.5 a741.5 DEW r0 aDewi Cholidatul1 aRahasia /cDewi Cholidatul acetakan 1 aJakarta Timur :bkementerian pendidikan kebudayaan riset dan teknologi,c2024 aiv 21 halaman :bilustrasi berwarna ;c29 x 21 cm 4aCerita anak